000 00564nam a22001577a 4500
020 _a812740285-0
082 _a894.812
_bMAT/G
100 _aAVANTI, MATHEWS
245 _aGURU CHANAKYAN
_bCHANAKYASUTRAM, JEEVACHARITHRAM
250 _aSECOND EDITION
260 _aKOTTAYAM
_bAVANTY PUBLICATIONS
_c2022
300 _a343
520 _aJEEVACHARITRAM, BHARATHASAMRAJYA ROOPIKARANATHINU VENDI ALEXANDERKETHIYEUM NANDARAJAKANMARKETHIREYUM NADATHIYA PORATANGAL, ARTHASHASTRAM, CHANAKYASOOTHRAM
650 _aHISTORY - MALAYALAM STORY PRESENTATION
_zKERALA
942 _cBK
999 _c6975
_d6975